NFL 2024-25 All Pro Roster - Statistics

General Stats
  • This quiz has been taken 890 times
  • The average score is 21 of 30
Answer Stats
Hint Answer % Correct
QB BAL Lamar Jackson
100%
WR DET Amon Ra St Brown
97%
WR CIN Jamar Chase
97%
WR MIN Justin Jefferson
97%
RB PHI Saquon Barkley
97%
TE LV Brock Bowers
94%
DE CLE Myles Garrett
92%
DT KC Chris Jones
90%
CB DEN Patrick Surtain
85%
LB 49ers Fred Warner
83%
DE CIN Trey Hendrickson
81%
LB BAL Roquan Smith
78%
K PIT Chris Boswell
77%
C KC Creed Humphrey
76%
CB HOU Derek Stingley
75%
RT DET Penei Sewell
74%
LT TB Tristan Wirfs
73%
NB BAL Marlon Humphrey
71%
DT PIT Cam Heyward
70%
LB PHI Zack Baun
70%
FB BAL Patrick Ricard
68%
KR DAL Kavonte Turpin
66%
LG KC Joe Thuney
64%
S GB Xavier McKinney
60%
S DET Kerby Joseph
57%
PR DEN Marvin Mims
46%
P DET Jack Fox
36%
RG DEN Quinn Meinerz
26%
LS MIN Andrew DePaola
9%
ST NE Brenden Schooler
9%
No matching quizzes found
Score Distribution
Percent of People with Each Score
Percentile by Number Answered
Your Score History
You have not taken this quiz